00490nam a22001812 4500001001100000005001700011008004100028020001700069040001500086245004000101250001300141260005200154300001200206650003400218650002600252650002700278852000300305000001932220151217152152.0101026s xx 000 0 eng d a0809161587 : aKABUcKABU10aGetting firm :bshaping and tonong. a1st ed. aAlexandria, Virginia :bTime-Life Books,c1987. a144 p. 0aPhysical fitness.@0000150226 0aExercise.@0000155833 0aNutrition.@00001556041